For women only [ techniques for PMS relief

Bibliographic Details
Format: Book
Published: New York : Simon & Schuster , 1989
Subjects:

MARC

LEADER 00000cam a2200000 7i4500
001 0000001399
002 000001539
005 20021029.0
020 |a 0671684310 
090 0 0 |a 615.822   |b FOR 
245 0 0 |a For women only [  |h soundre cording] :   |b techniques for PMS relief 
260 |a New York :   |b Simon & Schuster ,   |c 1989 
300 |a 1 sound cassette [50 minutes] 
650 0 0 |a Self-acupressure 
650 0 0 |a Stress relaxation   |x Stretch reflex   |x Stretching exercises 
999 |a 00005   |b KASET   |c KOLEKSI AUDIO VIDEO   |e PERPUSTAKAAN KOMUNITI PETALING JAYA